Marxismo y clases sociales / (Record no. 100355)
[ view plain ]
| 000 -LEADER | |
|---|---|
| campo de control de longitud fija | 00701nam a2200205 i 4500 |
| 001 - NÚMERO DE CONTROL | |
| campo de control | 100355 |
| 003 - IDENTIFICADOR DE NÚMERO DE CONTROL | |
| campo de control | ES-MaACL |
| 005 - FECHA Y HORA DE LA ÚLTIMA TRANSACCIÓN | |
| campo de control | 20230906182647.0 |
| 007 - CAMPO FIJO DE DESCRIPCIÓN FÍSICA--INFORMACIÓN GENERAL | |
| campo de control de longitud fija | t| |
| 008 - DATOS DE LONGITUD FIJA--INFORMACIÓN GENERAL | |
| campo de control de longitud fija | 050926s1977 sp ||||1| spa d |
| 245 00 - MENCIÓN DEL TÍTULO | |
| Título | Marxismo y clases sociales / |
| Mención de responsabilidad, etc. | Jean-Marie Vincent, Catherine Colliot-Thélène, Daniel Bensaid; [traducción: Edmundo Espina]. |
| 260 ## - PUBLICACIÓN, DISTRIBUCIÓN, ETC. | |
| Lugar de publicación, distribución, etc. | Barcelona : |
| Nombre del editor, distribuidor, etc. | Fontamara, |
| Fecha de publicación, distribución, etc. | 1977. |
| 300 ## - DESCRIPCIÓN FÍSICA | |
| Extensión | 191 p. ; |
| Dimensiones | 19 cm. |
| 490 1# - MENCIÓN DE SERIE | |
| Mención de serie | Crítica de la economía política ; |
| Designación de volumen o secuencia | 4 |
| 700 1# - ENTRADA AGREGADA--NOMBRE PERSONAL | |
| Nombre de persona | Vincent, Jean-Marie. |
| 9 (RLIN) | 115309 |
| 700 1# - ENTRADA AGREGADA--NOMBRE PERSONAL | |
| Nombre de persona | Espina, Edmundo. |
| 9 (RLIN) | 47835 |
| 830 0# - PUNTO DE ACCESO ADICIONAL DE SERIE-TÍTULO UNIFORME | |
| Título uniforme | Crítica de la economía política ; |
| Designación de volumen o secuencia | 4 |
| 9 (RLIN) | 182123 |
| 852 ## - LOCALIZACIÓN | |
| Ubicación | ES-MaACL |
| Número de control de estantería | A-7664 |
| Sublocalización o colección | R.96748 |
| Estatus retirado | Estado de pérdida | Estado de daño | No para préstamo | Biblioteca de origen | Biblioteca actual | Ubicación en estantería | Fecha de adquisición | Fuente de adquisición | Total de préstamos | Signatura topográfica completa | Código de barras | Visto por última vez | Precio de reemplazo | Tipo de ítem Koha |
|---|---|---|---|---|---|---|---|---|---|---|---|---|---|---|
| Biblioteca del Ateneo de Madrid | Biblioteca del Ateneo de Madrid | Sala Pecera Planta 1 | 17/01/2008 | A-7664 | 1104785 | 23/02/2023 | 23/02/2023 | Libro impreso |
